<?xml version="1.0" encoding="UTF-8"?>
<marc:record xmlns:marc="http://www.loc.gov/MARC21/slim">
   <marc:leader>00000nam a2200000 a 4500</marc:leader>
   <marc:datafield ind1="1" ind2=" " tag="100">
      <marc:subfield code="a">Fischer, Nele</marc:subfield>
      <marc:subfield code="4">aut</marc:subfield>
      <marc:subfield code="e">Verfasser/-in</marc:subfield>
   </marc:datafield>
   <marc:datafield ind1=" " ind2=" " tag="653">
      <marc:subfield code="a">minimalismus</marc:subfield>
   </marc:datafield>
   <marc:datafield ind1=" " ind2=" " tag="653">
      <marc:subfield code="a">Minimalistischer Lebensstil für Leben</marc:subfield>
   </marc:datafield>
   <marc:datafield ind1=" " ind2=" " tag="653">
      <marc:subfield code="a">mehr geld</marc:subfield>
   </marc:datafield>
   <marc:datafield ind1=" " ind2=" " tag="653">
      <marc:subfield code="a">minimalistisch leben</marc:subfield>
   </marc:datafield>
   <marc:datafield ind1=" " ind2=" " tag="653">
      <marc:subfield code="a">minimalistische</marc:subfield>
   </marc:datafield>
   <marc:datafield ind1=" " ind2=" " tag="653">
      <marc:subfield code="a">kindererziehung</marc:subfield>
   </marc:datafield>
   <marc:datafield ind1=" " ind2=" " tag="653">
      <marc:subfield code="a">minimalistisch wohnen</marc:subfield>
   </marc:datafield>
   <marc:datafield ind1=" " ind2=" " tag="653">
      <marc:subfield code="a">Softcover / Sachbücher/Kunst</marc:subfield>
   </marc:datafield>
   <marc:datafield ind1=" " ind2=" " tag="653">
      <marc:subfield code="a">Literatur/Architektur</marc:subfield>
   </marc:datafield>
   <marc:datafield ind1="0" ind2="0" tag="245">
      <marc:subfield code="a">Minimalismus</marc:subfield>
   </marc:datafield>
   <marc:datafield ind1="0" ind2="0" tag="245">
      <marc:subfield code="b">Eine einfache Anleitung</marc:subfield>
   </marc:datafield>
   <marc:datafield ind1="0" ind2="0" tag="245">
      <marc:subfield code="c">Nele Fischer</marc:subfield>
   </marc:datafield>
   <marc:datafield ind1=" " ind2="1" tag="264">
      <marc:subfield code="a">Berlin</marc:subfield>
      <marc:subfield code="b">epubli</marc:subfield>
      <marc:subfield code="c">2019</marc:subfield>
   </marc:datafield>
   <marc:datafield ind1=" " ind2=" " tag="250">
      <marc:subfield code="a">1. Auflage</marc:subfield>
   </marc:datafield>
   <marc:datafield ind1="1" ind2=" " tag="520">
      <marc:subfield code="a">Angaben aus der Verlagsmeldung

Minimalismus : Eine einfache Anleitung / von Nele Fischer

Mit Minimalismus kann jeder sein Leben einfach zum Positiven ändern. In dem Ratgeber geht die Autorin auf die unterschiedlichsten Lebensbereiche ein. Angefangen beim minimalistischen Wohnen (Küche, Wohnzimmer, Schlafzimmer, Kinderzimmer, Büro, Kleidung, etc.), bis hin zum Einkaufen und dem lieben Geld. Aber auch die minimalistische Kindererziehung wird angesprochen und mit diversen Anleitungen gut erklärt.

Das Buch gibt detaillierte Anleitungen (einfach, ohne Aufwand umzusetzen) und wertvolle Tipps, die dem Leser aber nicht aufgezwungen werden. Jeder kann selbst entscheiden, in welchem Rahmen der minimalistische Gedanke in das eigene Leben Einzug findet.

Alles wird in ganz einfachen Schritten erklärt. Mit Minimalismus kann es so einfach sein, sich endlich wieder frei zu fühlen und das Leben ganz bewusst zu genießen. Ganz wichtig: Minimalismus bedeutet nicht, sich einzuschränken. Es geht darum, am Ende einfacher Glücklicher zu sein.
</marc:subfield>
   </marc:datafield>
   <marc:datafield ind1=" " ind2=" " tag="020">
      <marc:subfield code="a">9783748529347</marc:subfield>
      <marc:subfield code="9">9783748529347</marc:subfield>
   </marc:datafield>
   <marc:datafield ind1=" " ind2=" " tag="020">
      <marc:subfield code="a">3748529341</marc:subfield>
      <marc:subfield code="9">3748529341</marc:subfield>
   </marc:datafield>
   <marc:datafield ind1=" " ind2=" " tag="041">
      <marc:subfield code="a">ger</marc:subfield>
   </marc:datafield>
   <marc:datafield ind1=" " ind2=" " tag="300">
      <marc:subfield code="a">88 Seiten</marc:subfield>
   </marc:datafield>
</marc:record>
